General knowledge (Record no. 18159)
[ view plain ]
| 000 -LEADER | |
|---|---|
| fixed length control field | 00579nam a22001937a 4500 |
| 008 - FIXED-LENGTH DATA ELEMENTS--GENERAL INFORMATION | |
| fixed length control field | 200123b xxu||||| |||| 00| 0 eng d |
| 020 ## - INTERNATIONAL STANDARD BOOK NUMBER | |
| International Standard Book Number | 9966223357 |
| 040 ## - CATALOGING SOURCE | |
| Original cataloging agency | KABU |
| Transcribing agency | KABU |
| 050 ## - LIBRARY OF CONGRESS CALL NUMBER | |
| Classification number | LC2781 |
| Item number | .C44 2012 c. 1 |
| 100 ## - MAIN ENTRY--PERSONAL NAME | |
| Personal name | Chenge, Fungo |
| 245 ## - TITLE STATEMENT | |
| Title | General knowledge |
| Statement of responsibility, etc. | Fungo Chenge, Agumba Ndalo, Peter Waswa |
| 260 ## - PUBLICATION, DISTRIBUTION, ETC. (IMPRINT) | |
| Place of publication, distribution, etc. | Nairobi, Kenya |
| Name of publisher, distributor, etc. | Longhorn |
| Date of publication, distribution, etc. | 2012 |
| 300 ## - PHYSICAL DESCRIPTION | |
| Extent | ix, 190 p. |
| 650 ## - SUBJECT ADDED ENTRY--TOPICAL TERM | |
| Topical term or geographic name as entry element | General education |
| Geographic subdivision | Kenya |
| 650 ## - SUBJECT ADDED ENTRY--TOPICAL TERM | |
| Topical term or geographic name as entry element | ECDE teacher trainees and trainers |
| Geographic subdivision | Kenya |
| 700 ## - ADDED ENTRY--PERSONAL NAME | |
| Personal name | Ndalo, Agumba |
| 700 ## - ADDED ENTRY--PERSONAL NAME | |
| Personal name | Waswa, Peter |
| 942 ## - ADDED ENTRY ELEMENTS (KOHA) | |
| Source of classification or shelving scheme | Library of Congress Classification |
| Koha item type | General Collection |
| Classification part | LC2781 |
| Withdrawn status | Lost status | Source of classification or shelving scheme | Not for loan | Home library | Current library | Date acquired | Total Checkouts | Full call number | Barcode | Date last seen | Copy number | Price effective from | Koha item type |
|---|---|---|---|---|---|---|---|---|---|---|---|---|---|
| Library of Congress Classification | Kabarak, Main Campus | Kabarak, Main Campus | 23/01/2020 | LC2781 .C44 2012 c. 1 | 022387 | 23/01/2020 | c. 1 | 23/01/2020 | General Collection |